MURDER AND MADNESS (Record no. 542887)

000 -LEADER
fixed length control field 00384nam a22001577a 4500
022 ## - INTERNATIONAL STANDARD SERIAL NUMBER
International Standard Serial Number 1 85605 143 9
082 ## - DEWEY DECIMAL CLASSIFICATION NUMBER
Classification number 364.1523
Author Mark HAL
-- D
100 ## - MAIN ENTRY--PERSONAL NAME
Personal name Hall Allan
9 (RLIN) 38244
245 ## - TITLE STATEMENT
Title MURDER AND MADNESS
260 ## - PUBLICATION, DISTRIBUTION, ETC.
Place of publication, distribution, etc. UK
Name of publisher, distributor, etc. Blitz Editions
Date of publication, distribution, etc. 1993
300 ## - PHYSICAL DESCRIPTION
Extent 80.p:
526 ## - STUDY PROGRAM INFORMATION NOTE
Program name 0
Interest level 0
Reading level 0
Title point value 364_152300000000000_HAL
650 ## - SUBJECT ADDED ENTRY--TOPICAL TERM
Topical term or geographic name entry element MCE
9 (RLIN) 379
700 ## - ADDED ENTRY--PERSONAL NAME
Personal name Allan Hall
9 (RLIN) 38245
942 ## - ADDED ENTRY ELEMENTS (KOHA)
Source of classification or shelving scheme
Koha item type Book
Holdings
Withdrawn status Lost status Source of classification or shelving scheme Damaged status Not for loan Permanent Location Current Location Date acquired Total Checkouts Full call number Barcode Date last seen Date last checked out Price effective from Koha item type
          Military College of Engineering (MCE) Military College of Engineering (MCE) 02/24/2014 1 364.1523 HAL MCE-35148 06/12/2019 05/27/2019 02/24/2014 Book
© 2023 Central Library, National University of Sciences and Technology. All Rights Reserved.